000 00361 a2200157 4500
001 71885
020 _a8506037255
040 _cAnchieta - Colégio São Paulo
100 _aPinilla, Luis Darío Bernal
240 1 0 _aPunhos de campeão
_lpor
245 1 0 _aPunhos de campeão
300 _a48
362 0 _a2006
650 4 _aLiteratura infantil
942 _cBK
999 _c71885
_d71885